Tâm lí học
Gardado en:
| Autor Principal: | |
|---|---|
| Formato: | Libro |
| Idioma: | Undetermined |
| Publicado: |
Hà Nội
Đại học Quốc gia Hà Nội
1996
|
| Những chủ đề: | |
| Các nhãn: |
Engadir etiqueta
Sen Etiquetas, Sexa o primeiro en etiquetar este rexistro!
|
| Thư viện lưu trữ: | Trung tâm Học liệu Trường Đại học Cần Thơ |
|---|
| LEADER | 00571nam a2200193Ia 4500 | ||
|---|---|---|---|
| 001 | CTU_22796 | ||
| 008 | 210402s9999 xx 000 0 und d | ||
| 082 | |a 150.1 | ||
| 082 | |b H507 | ||
| 100 | |a Bùi Văn Huệ | ||
| 245 | 0 | |a Tâm lí học | |
| 245 | 0 | |c Bùi Văn Huệ | |
| 260 | |a Hà Nội | ||
| 260 | |b Đại học Quốc gia Hà Nội | ||
| 260 | |c 1996 | ||
| 526 | |a Tâm lý học sư phạm,Tâm lý học đại cương | ||
| 526 | |b SP010,SP009 | ||
| 650 | |a psychology | ||
| 980 | |a Trung tâm Học liệu Trường Đại học Cần Thơ | ||